=LDR 00000nam 2200000 4500 =001 INLIS000000000023855 =005 20130612122500 =008 ***********************************Ind** =035 ##$$0010-061300000023855 =041 ##$$a Ind =082 ##$$a 819.809 =090 ##$$a 819.809, Lia s =100 ##$$a Liaw Yock Fang =245 ##$$a Sejarah kesusastraan melayu klasik, Dr. Liaw Yock Fang =260 ##$$a 1991 $b Jakarta =300 ##$$a 305 hlm, 21 cm =650 ##$$a Kesusastraan =850 ##$$a NBPNMAT